[Event "Hum na Sutli op 15th"]
[Site "Hum na Sutli"]
[Date "2023.08.27"]
[Round "3"]
[White "Rozman, Roman"]
[Black "Vukosavic, Darko"]
[Result "1/2-1/2"]
[WhiteElo "1688"]
[BlackElo "1938"]
[PlyCount "83"]
[EventDate "2023.08.26"]
[EventType "swiss"]
[EventRounds "9"]
[EventCountry "CRO"]
[SourceTitle "EXT 2024"]
[Source "ChessBase"]
[SourceDate "2023.10.10"]
[SourceVersion "1"]
[SourceVersionDate "2023.10.10"]
[SourceQuality "1"]

1. d4 Nf6 2. c4 g6 3. Nc3 c5 4. e3 Bg7 5. Nf3 0-0 6. Be2 cxd4 7. exd4 d5 8. h3 Nc6 9. 0-0 dxc4 10. Bxc4 Na5 11. Be2 Nd5 12. Be3 Be6 13. Rc1 Nxe3 14. fxe3 Nc4 15. Bxc4 Bxc4 16. Re1 Rc8 17. b3 Ba6 18. Na4 b6 19. Nb2 Qd6 20. Nc4 Qg3 21. a4 Rfd8 22. Qe2 e5 23. dxe5 Bxc4 24. Rxc4 Rxc4 25. Qxc4 Bxe5 26. Kf1 Bf6 27. Qc2 Qd6 28. Ke2 Qe6 29. Rc1 Re8 30. Qd3 Be5 31. Qc4 Qf6 32. Kf2 a5 33. Qd5 Re6 34. Rc8+ Kg7 35. Qd8 Qxd8 36. Rxd8 Bc3 37. Ke2 Bb4 38. Nd4 Rf6 39. Rd5 Bc5 40. Rd7 h5 41. Nf3 Re6 42. Nd4 1/2-1/2

[Event "Portoroz Nat Festival 30th"]
[Site "Portoroz"]
[Date "2020.09.03"]
[Round "1"]
[White "Hrescak, Ivana"]
[Black "Rozman, Roman"]
[Result "1-0"]
[WhiteElo "2196"]
[BlackElo "1728"]
[PlyCount "66"]
[EventDate "2020.09.03"]
[EventType "swiss"]
[EventRounds "9"]
[EventCountry "SLO"]
[SourceTitle "CBM 198 Extra"]
[Source "ChessBase"]
[SourceDate "2020.11.30"]
[SourceVersion "1"]
[SourceVersionDate "2020.11.30"]
[SourceQuality "1"]

1. d4 d5 2. c4 e6 3. Nc3 Be7 4. cxd5 exd5 5. Bf4 c6 6. Qc2 Nf6 7. e3 0-0 8. Bd3 Be6 9. Nge2 Nbd7 10. 0-0 h6 11. h3 Ne8 12. Na4 Bd6 13. Nc5 Nxc5 14. Bxd6 Qxd6 15. dxc5 Qd7 16. Nd4 f5 17. f4 g6 18. Qf2 Nf6 19. Qh4 Kh7 20. g4 Ne4 21. g5 h5 22. Rac1 Rfe8 23. Rfd1 Qe7 24. Bxe4 dxe4 25. Nxe6 Qxe6 26. Rd6 Qxa2 27. Rd7+ Kg8 28. Rcd1 Qa5 29. R1d6 Rab8 30. Rxg6+ Kf8 31. Rf6+ Kg8 32. Qxh5 Qe1+ 33. Kg2 Red8 1-0

[Event "SLO-ch 29th"]
[Site "Radenci"]
[Date "2019.05.01"]
[Round "6"]
[White "Kodric, Gasper"]
[Black "Rozman, Roman"]
[Result "1/2-1/2"]
[WhiteElo "1427"]
[BlackElo "1786"]
[PlyCount "79"]
[EventDate "2019.04.27"]
[EventType "swiss"]
[EventRounds "9"]
[EventCountry "SLO"]
[SourceTitle "CBM 190 Extra"]
[Source "ChessBase"]
[SourceDate "2019.07.15"]
[SourceVersion "1"]
[SourceVersionDate "2019.07.15"]
[SourceQuality "1"]

1. c4 c6 2. Nc3 d5 3. cxd5 cxd5 4. d4 Nf6 5. Bf4 e6 6. Nf3 Bb4 7. Bxb8 Bxc3+ 8. bxc3 Rxb8 9. e3 Qa5 10. Qc2 Ne4 11. Rc1 Bd7 12. Nd2 Nxd2 13. Qxd2 Rc8 14. c4 Qxd2+ 15. Kxd2 dxc4 16. Bxc4 Ke7 17. Rc3 Rc7 18. Rhc1 Rhc8 19. Bd3 Rxc3 20. Rxc3 h6 21. Rxc8 Bxc8 22. Kc3 Kd6 23. Kb4 Bd7 24. Bb5 Bc6 25. Bxc6 Kxc6 26. e4 b6 27. a4 a6 28. f3 h5 29. g4 h4 30. h3 g5 31. Kc4 f6 32. Kb4 Kd6 33. Kc4 Kd7 34. Kb3 Kc6 35. Kc4 Kd6 36. Kc3 Ke7 37. Kc4 Kf7 38. Kc3 Kg6 39. Kb4 Kf7 40. Kc4 1/2-1/2

[Event "SLO-ch 29th"]
[Site "Radenci"]
[Date "2019.04.27"]
[Round "1"]
[White "Janzelj, Tim"]
[Black "Rozman, Roman"]
[Result "1-0"]
[WhiteElo "2373"]
[BlackElo "1786"]
[PlyCount "63"]
[EventDate "2019.04.27"]
[EventType "swiss"]
[EventRounds "9"]
[EventCountry "SLO"]
[SourceTitle "CBM 190 Extra"]
[Source "ChessBase"]
[SourceDate "2019.07.15"]
[SourceVersion "1"]
[SourceVersionDate "2019.07.15"]
[SourceQuality "1"]

1. d4 d5 2. c4 e6 3. cxd5 exd5 4. Nc3 Be6 5. Qb3 Qc8 6. Bf4 Nf6 7. Nb5 Na6 8. Nxc7+ Nxc7 9. Rc1 b6 10. e3 Qd8 11. Bxc7 Qe7 12. a3 Rc8 13. Qa4+ Bd7 14. Qxa7 b5 15. Bd3 Ne4 16. Nf3 f6 17. 0-0 Qe6 18. Ba5 Nd6 19. Bb4 Be7 20. Bxd6 Bxd6 21. Rxc8+ Bxc8 22. Bxb5+ Kf8 23. Rc1 g5 24. Bc6 Qe7 25. Qxe7+ Kxe7 26. Bxd5 Bd7 27. Nd2 Rb8 28. Nc4 Rc8 29. Rc3 Bc7 30. h3 f5 31. Ne5 Be8 32. Bb7 1-0

[Event "Krapina op 9th"]
[Site "Krapina"]
[Date "2019.01.19"]
[Round "4"]
[White "Rozman, Roman"]
[Black "Skupnjak, Milan"]
[Result "1/2-1/2"]
[WhiteElo "1764"]
[BlackElo "1952"]
[PlyCount "71"]
[EventDate "2019.01.17"]
[EventType "swiss"]
[EventRounds "7"]
[EventCountry "CRO"]
[SourceTitle "CBM 188 Extra"]
[Source "ChessBase"]
[SourceDate "2019.02.26"]
[SourceVersion "1"]
[SourceVersionDate "2019.02.26"]
[SourceQuality "1"]

1. d4 d5 2. c4 e6 3. Nc3 Bb4 4. Qc2 Nf6 5. Bg5 Bxc3+ 6. bxc3 h6 7. Bh4 b6 8. cxd5 exd5 9. e4 dxe4 10. Bxf6 Qxf6 11. Qxe4+ Qe6 12. Bd3 0-0 13. Kd2 Qxe4 14. Bxe4 c6 15. Nf3 Be6 16. Ne5 Bd5 17. Rhe1 Re8 18. Kd3 Bxe4+ 19. Rxe4 f6 20. Nc4 Rxe4 21. Kxe4 Nd7 22. a4 Re8+ 23. Kd3 Re6 24. Ne3 g6 25. c4 f5 26. g3 Rd6 27. Kc3 Kf7 28. Rb1 Kf6 29. h4 g5 30. hxg5+ Kxg5 31. f4+ Kg6 32. Ng2 Re6 33. Kd3 Rd6 34. Kc3 Re6 35. Kd3 Rd6 36. Kc3 1/2-1/2

[Event "Krapina op 9th"]
[Site "Krapina"]
[Date "2019.01.18"]
[Round "3"]
[White "Mlinaric, Simun"]
[Black "Rozman, Roman"]
[Result "0-1"]
[WhiteElo "1702"]
[BlackElo "1764"]
[PlyCount "46"]
[EventDate "2019.01.17"]
[EventType "swiss"]
[EventRounds "7"]
[EventCountry "CRO"]
[SourceTitle "CBM 188 Extra"]
[Source "ChessBase"]
[SourceDate "2019.02.26"]
[SourceVersion "1"]
[SourceVersionDate "2019.02.26"]
[SourceQuality "1"]

1. d4 d5 2. Nf3 e6 3. e3 c5 4. Be2 Nc6 5. 0-0 Nf6 6. b3 Be7 7. Bb2 cxd4 8. exd4 0-0 9. Nbd2 Bd7 10. c4 b6 11. Ne5 Nxe5 12. dxe5 Ne8 13. Kh1 dxc4 14. Bxc4 Bc6 15. f4 g6 16. Nf3 Ng7 17. Nd4 Bb7 18. Qe2 Bc5 19. Rfd1 Qh4 20. Rf1 Rad8 21. Rad1 Bxd4 22. Bxd4 Nf5 23. Be3 Ng3+ 0-1

[Event "Otocec Krka Terme op"]
[Site "Otocec"]
[Date "2018.12.26"]
[Round "4"]
[White "Rozman, Roman"]
[Black "Siraj, Svit"]
[Result "1/2-1/2"]
[WhiteElo "1793"]
[BlackElo "1671"]
[PlyCount "77"]
[EventDate "2018.12.25"]
[EventType "swiss"]
[EventRounds "9"]
[EventCountry "SLO"]
[SourceTitle "EXT 2020"]
[Source "ChessBase"]
[SourceDate "2019.10.17"]
[SourceVersion "1"]
[SourceVersionDate "2019.10.17"]
[SourceQuality "1"]

1. d4 d5 2. c4 e6 3. Nc3 Nf6 4. Nf3 c6 5. e3 Nbd7 6. Bd3 dxc4 7. Bxc4 b5 8. Bd3 b4 9. Na4 c5 10. 0-0 Be7 11. b3 Bb7 12. Bb2 cxd4 13. Bxd4 e5 14. Nxe5 Nxe5 15. Bxe5 Qd5 16. Qf3 Qxe5 17. Qxb7 0-0 18. Qb5 Bd6 19. Qxe5 Bxe5 20. Rac1 Rac8 21. f4 Bc3 22. Nxc3 bxc3 23. Bc4 Ne4 24. Rfd1 Rfd8 25. Rd4 Rxd4 26. exd4 Kf8 27. Bd3 Nd6 28. Kf2 f5 29. Ke2 Kf7 30. a3 Ke6 31. Bb1 Nb5 32. Kd3 Nxa3 33. Ba2 Nb5 34. b4+ Kd6 35. Bc4 a6 36. Bxb5 axb5 37. Rxc3 Rxc3+ 38. Kxc3 Kd5 39. Kd3 1/2-1/2

[Event "Maribor Pirc Memorial op 20th"]
[Site "Maribor"]
[Date "2017.07.02"]
[Round "9"]
[White "Urbanc, Suzana"]
[Black "Rozman, Roman"]
[Result "0-1"]
[WhiteElo "1657"]
[BlackElo "1614"]
[PlyCount "72"]
[EventDate "2017.06.24"]
[EventType "swiss"]
[EventRounds "9"]
[EventCountry "SLO"]
[SourceTitle "CBM 179 Extra"]
[Source "ChessBase"]
[SourceDate "2017.08.23"]
[SourceVersion "1"]
[SourceVersionDate "2017.08.23"]
[SourceQuality "1"]

1. c4 g6 2. e4 Bg7 3. Ne2 e5 4. Nbc3 d6 5. h3 Be6 6. d3 c6 7. g3 Ne7 8. Bg2 a6 9. 0-0 0-0 10. Bg5 h6 11. Be3 Nd7 12. Qd2 Kh7 13. Rad1 c5 14. f4 Rb8 15. g4 f5 16. exf5 gxf5 17. Ng3 exf4 18. Bxf4 Ne5 19. gxf5 Nxf5 20. Be4 Qd7 21. Bxe5 Bxe5 22. Nxf5 Bxf5 23. Rxf5 Rxf5 24. Rf1 Rbf8 25. Rxf5 Rxf5 26. Qg2 Kh8 27. Bxf5 Qxf5 28. Ne4 Bd4+ 29. Kh1 Qf4 30. Ng3 Qc1+ 31. Nf1 Bxb2 32. Qf3 Bg7 33. Qe2 Qf4 34. a4 Be5 35. Nd2 Qg3 36. Nf1 Qxh3+ 0-1

[Event "Otocec Krka Terme op"]
[Site "Otocec"]
[Date "2016.10.22"]
[Round "3"]
[White "Rozman, Roman"]
[Black "Acimovic, Sergej"]
[Result "0-1"]
[WhiteElo "1469"]
[BlackElo "1653"]
[PlyCount "74"]
[EventDate "2016.10.21"]
[EventType "swiss"]
[EventRounds "5"]
[EventCountry "SLO"]
[SourceTitle "EXT 2019"]
[Source "ChessBase"]
[SourceDate "2018.10.10"]
[SourceVersion "1"]
[SourceVersionDate "2018.10.10"]
[SourceQuality "1"]

1. e4 c5 2. Nc3 Nc6 3. Bc4 e6 4. a3 Nf6 5. d3 a6 6. Nge2 d5 7. exd5 exd5 8. Ba2 h6 9. Ng3 Be6 10. 0-0 Bd6 11. Nh5 0-0 12. f4 Nxh5 13. Qxh5 d4 14. Ne4 Bxa2 15. Rxa2 f5 16. Nxd6 Qxd6 17. Bd2 Rae8 18. Raa1 Kh7 19. Rfe1 g6 20. Qh4 Rxe1+ 21. Rxe1 Rf7 22. Qf2 Re7 23. Rxe7+ Nxe7 24. Qe2 Nd5 25. g3 h5 26. Kf2 Kg7 27. c4 dxc3 28. bxc3 b5 29. Qe8 Nf6 30. Qe2 c4 31. d4 Ne4+ 32. Ke1 Qxa3 33. Qe3 Qa1+ 34. Ke2 Qb2 35. d5 Qxd2+ 36. Qxd2 Nxd2 37. Kxd2 Kf7 0-1